Logo BPK

Biblioteka

Politechniki Koszalińskiej

Spawalnictwo : (Rekord nr 27719)

Szczegóły MARC
000 -ETYKIETA REKORDU
podpole kontrolne o stałej długości 01640nam a2200457 i 4500
001 - NUMER KONTROLNY REKORDU
pole kontrolne 27719
003 - IDENTYFIKATOR NUMERU KONTROLNEGO REKORDU
podpole kontrolne KOSZ 005
005 - DATA OSTATNIEJ MODYFIKACJI REKORDU
podpole kontrolne 20200518103305.0
008 - POLE O STAŁEJ DŁUGOŚCI - DANE KONTROLNE
podpole kontrolne o stałej długości 030714s1974 pl f |000 0 pol
015 ## - NUMER BIBLIOGRAFII NARODOWEJ
Numer bibliografii narodowej UWD 1975/3824
035 ## - NUMER SYSTEMOWY
Numer systemowy przejętego rekordu 991021135069705066
035 ## - NUMER SYSTEMOWY
Numer systemowy przejętego rekordu (PL-WaBN)b15720548-48omnis_nlop
035 ## - NUMER SYSTEMOWY
Numer systemowy przejętego rekordu b15720548
035 ## - NUMER SYSTEMOWY
Numer systemowy przejętego rekordu (OCoLC)830509459
035 ## - NUMER SYSTEMOWY
Numer systemowy przejętego rekordu (PL)b0000001572054
035 ## - NUMER SYSTEMOWY
Numer systemowy przejętego rekordu (EXLNZ-48OMNIS_NETWORK)9910161139205606
040 ## - ŹRÓDŁO KATALOGOWANIA
Instytucja, która sporządziła opis WA N
Instytucja, która utworzyła rekord WA N
Instytucja, która dokonała modyfikacji KOSZ 005/EG
041 0# - KOD JĘZYKA
Kod języka tekstu polenggerfrerusslo
080 ## - UNIWERSALNA KLASYFIKACJA DZIESIĘTNA - UKD
UKD 621.791/.795
080 ## - UNIWERSALNA KLASYFIKACJA DZIESIĘTNA - UKD
UKD (03)=00
245 10 - TYTUŁ/ODPOWIEDZIALNOŚĆ
Tytuł Spawalnictwo :
Ciąg dalszy tytułu słownik techniczny angielsko-niemiecko-francusko-rosyjsko-polsko-słowacki : ok. 10 000 pojęć /
Pozostałe elementy strefy tytułu i oznaczenia odpowiedzialności kier. zesp. aut. Alfred Dollinger ; aut. Conrad Borsdorff [et al.].
260 ## - STREFA ADRESU WYDAWNICZEGO
Miejsce wydania Berlin :
Nazwa wydawcy/dystrybutora VEB Verlag Technik ;
Miejsce wydania Warszawa :
Nazwa wydawcy/dystrybutora Wydawnictwa Naukowo-Techniczne,
Data publikacji, dystrybucji/powstania dokumentu 1974.
300 ## - STREFA OPISU FIZYCZNEGO
Objętość 762, [2] s., [6] k. ;
Rozmiary 25 cm.
336 ## - TYP ZAWARTOŚCI
Termin opisujący typ zawartości Tekst
Kod określający zawartość txt
Źródło (terminu i kodu) rdacontent
337 ## - TYP MEDIÓW
Tryb odtwarzania Bez urządzenia pośredniczącego
Kod typu mediów n
Źródło (terminu i kodu) rdamedia
338 ## - TYP/RODZAJ NOŚNIKA
Hasło opisujące typ nośnika Wolumin
Kod typu nośnika nc
Źródło (terminu i kodu) rdacarrier
380 ## - FORMA I TYP PUBLIKACJI
Forma i typ publikacji Książki
388 ## - CZAS POWSTANIA
Czas powstania 1901-2000
388 ## - CZAS POWSTANIA
Czas powstania 1945-1989
650 #7 - HASŁO PRZEDMIOTOWE W FORMIE NAZWY OGÓLNEJ LUB JEDNOSTKOWEJ
Nazwa ogólna lub geograficzna Spawalnictwo
Źródło hasła lub terminu DBN
650 #7 - HASŁO PRZEDMIOTOWE W FORMIE NAZWY OGÓLNEJ LUB JEDNOSTKOWEJ
Nazwa ogólna lub geograficzna Terminologia
655 #7 - TERMIN INDEKSOWY - OKREŚLENIE RODZAJU/FORMY DOKUMENTU
Określenie rodzaju/formy dokumentu Słownik terminologiczny
Źródło terminu DBN
655 #7 - TERMIN INDEKSOWY - OKREŚLENIE RODZAJU/FORMY DOKUMENTU
Określenie rodzaju/formy dokumentu Słownik wielojęzyczny
Źródło terminu DBN
658 ## - TERMIN INDEKSOWY - PRZEDMIOT PROGRAMU NAUCZANIA
Główny przedmiot programu nauczania Językoznawstwo
658 ## - TERMIN INDEKSOWY - PRZEDMIOT PROGRAMU NAUCZANIA
Główny przedmiot programu nauczania Inżynieria i technika
700 1# - HASŁO DODATKOWE - NAZWA OSOBOWA
Nazwa osobowa Borsdorff, Conrad
Określenie związku między hasłem a opisywanym materiałem Autor
700 1# - HASŁO DODATKOWE - NAZWA OSOBOWA
Nazwa osobowa Dollinger, Alfred
Określenie związku między hasłem a opisywanym materiałem Redakcja
856 ## - LOKALIZACJA I DOSTĘP DO ELEKTRONICZNYCH DOKUMENTÓW ZDALNYCH
Link (URL) http://koha.tu.koszalin.pl/cgi-bin/koha/opac-detail.pl?biblionumber=27719
Tekst linku Katalog online BPK
942 ## - DODATKOWE ELEMENTY (KOHA)
Schemat klasyfikacji Uniwersalna Klasyfikacja Dziesiętna
Typ dokumentu Książka
Egzemplarze
Wycofany Status egzemplarza Uszkodzony Dostępność Lokalizacja stała Lokalizacja bieżąca Miejsce przechowywania Sygnatura Kod kreskowy Dział Typ dokumentu
      Tylko na miejscu Biblioteka Politechniki Koszalińskiej Biblioteka Politechniki Koszalińskiej Czytelnia BG 22744 01808278 621.791/.795 Spawanie. Inżynieria powierzchni Książka
© 2023 Biblioteka Politechniki Koszalińskiej :: KOHA